000 00506nam a22001937a 4500
003 OSt
005 20230524100743.0
008 160721b xxu||||| |||| 00| 0 eng d
020 _a0130101958
040 _c0
082 _a658.151122
_23rd
_bATK
100 _aAnthony A.Atkinson
_9112548
245 _aManagement Accounting
_cAnthony A.Atkinson
250 _a3rd edition
260 _aUSA
_bPrentice Hall
_c2000
300 _a595 p.
_bHB
440 _aManagement Accounting
_9112549
942 _2ddc
_cBK
999 _c351447
_d351447